| 000 | 00697nam a2200181 4500 | ||
|---|---|---|---|
| 005 | 20251216140115.0 | ||
| 008 | 170705b xxu||||| |||| 00| 0 eng d | ||
| 022 | _a0091-4169 | ||
| 082 | _2DPer 364.05 J826 Summer 2011 v. 101 n. 3 | ||
| 100 |
_921046 _aMorse, Stephen J. |
||
| 245 |
_aMental disorder and criminal law / _cStephen J. Morse. |
||
| 260 |
_aEvanston ; _bNorthwestern University Press , _cSummer 2011. |
||
| 300 |
_aVolume 101, pages 855-968 : _c25 cm. _billustration ; |
||
| 500 | _aThe Journal of Criminal Law and Criminology, vol. 101, no. 3, pages 885-968, Summer 2011. | ||
| 650 | 0 |
_921047 _aMentally ill _xCriminals |
|
| 700 |
_aMorse, Stephen J. _921046 |
||
| 942 |
_2ddc _cPER |
||
| 999 |
_c6951 _d6951 |
||